00594nam a2200205Ia 4500003000400000005001700004008004100021020001900062040000700081041000800088082001600096100002200112245002400134260003800158300000900196650002000205942001300225999001900238952013100257OSt20250825092621.0250729s2005 xx 000 0 und d a978-8176488198 cAL aeng a574.07 SINT aSingh U K9222098 aTeaching of zoology aNew DelhibA P H Publishingc2005 a317p aBiology9222099 2ddccBED c235302d235302 00104070aALbALd2025-07-29eSita Book Houseg175.00l0o574.07 SINTpBED00621r2025-07-29 16:53:53v175.00w2025-07-29yBK